LEADER 01349nam a2200229 i 4500 001 000000076336 003 CaOOAMICUS 005 20110812000000.0 008 110812s1807 it u000 u ita u 013 $a47508 026 $ao-si ton- o,i. CaPe (3) 1807 (A) 040 $aSeMil$bita 245 13$aLe canzoni eroiche, le lugubri, le sagre e le morali. 300 $aXLVII, [1], 422, [2] p., [1] carta di tav. :$britr. 490 0 $aEdizione delle opere classiche italiane 500 $aRitr. dell'A. inciso da G. Boggi. - Contiene anche, con proprio occhietto : Delle rime di Gabriello Chiabrera parte prima. Contiene canzoni eroiche, lugubri, morali e sagre ; Poesie liriche omesse nell'edizione di Roma, e pubblicate in quella di Venezia 1730. 700 1 $aBoggi, Giovanni .$0(OLS)http://semarc/name/11811 773 0 $aChiabrera, Gabriello <1552-1638>$tRime di Gabriello Chiabrera. Volume 1. [-3.].$dMilano : Tip. de' Classici Italiani, contrada di S. Margherita, n.° 1118, 1807-1808.$kEdizione delle opere classiche italiane$g1$w()1456 830 0$aEdizione delle opere classiche italiane.$0(OLS)http://semarc/title/33675 850 $aSeMil 852 $aSeMil$W1$xVenegono$y1$m1L I 27 FA$j42488$B42488$CSeMilBibl$Z2$F42492 $8I 996 $6245$aLe canzoni eroiche, le lugubri, le sagre e le morali$9(OLS)http://semarc/title/123709 LEADER 01640nam a2200337 i 4500 001 000000105541 003 CaOOAMICUS 005 20030916000000.0 008 030916s1995 fr u000 u fre u 013 $a77735 020 $a2-02-020160-7 040 $aSeMil$bita 100 1 $aDozon, Jean-Pierre.$0(OLS)http://semarc/name/44468 240 13$aLa leçon des prophètes.$0(OLS)http://semarc/title/152785 245 13$aLa cause des prophètes :$bpolitique et religion en Afrique contemporaine /$cJean-Pierre Dozon ; suivi de La leçon des prophetes, par Marc Augé. 260 $aParis :$bÉditions du Seuil,$c1995. 300 $a299 p. ;$c21 cm. 490 0 $aLa librairie du 20e siècle 650 4$aReligione e politica - Africa.$0(OLS)http://semarc/subject/18342 650 4$aProfeti - Africa.$0(OLS)http://semarc/subject/18343 650 4$aProfeti - Costa d'Avorio.$0(OLS)http://semarc/subject/18344 650 4$aComunità religiose - Africa nera.$0(OLS)http://semarc/subject/18345 650 4$aCosta d'Avorio - Vita religiosa.$0(OLS)http://semarc/subject/18346 700 1 $aAugé, Marc.$0(OLS)http://semarc/name/21269 830 3$aLa librairie du 20e siècle.$0(OLS)http://semarc/title/10938 850 $aSeMil 852 $aSeMil$W1$xVenegono$y1$m2R III 39$j61720$B61720$CSeMilBibl$Z2$F92068 $81 961 $aOmaggio: Bressan don Luca 996 $6020$a2-02-020160-7$9(OLS)http://semarc/number/85618 996 $6245$aLa cause des prophètes :$bpolitique et religion en Afrique contemporaine$9(OLS)http://semarc/title/152784 996 $6260$aParis :$bÉditions du Seuil$9(OLS)http://semarc/publisher/29806